<?xml version="1.0" encoding="UTF-8"?>
<marc:record xmlns:marc="http://www.loc.gov/MARC21/slim">
   <marc:leader>00000nam a2200000 a 4500</marc:leader>
   <marc:datafield ind1="1" ind2=" " tag="100">
      <marc:subfield code="a">Winterberg, Liv</marc:subfield>
      <marc:subfield code="4">aut</marc:subfield>
      <marc:subfield code="e">Verfasser/-in</marc:subfield>
   </marc:datafield>
   <marc:datafield ind1="0" ind2="0" tag="245">
      <marc:subfield code="a">Sehet die Sünder</marc:subfield>
   </marc:datafield>
   <marc:datafield ind1="0" ind2="0" tag="245">
      <marc:subfield code="b">Historischer Roman</marc:subfield>
   </marc:datafield>
   <marc:datafield ind1=" " ind2="1" tag="264">
      <marc:subfield code="b">Deutscher Taschenbuchverlag</marc:subfield>
      <marc:subfield code="c">2013</marc:subfield>
   </marc:datafield>
   <marc:datafield ind1="1" ind2=" " tag="520">
      <marc:subfield code="a">Bretagne, 1440. Grausame Dinge geschehen in dem kleinen Dorf Saint Mourelles. Menschen verschwinden und werden ermordet im Wald aufgefunden. Misstrauen und Angst machen sich breit und stellen die sonst so harmonische Dorfgemeinschaft auf eine harte Probe. Catheline, die Haushälterin des Dorfpfarrers, und der junge Bauer Mathis beschließen, den entsetzlichen Vorfällen auf den Grund zu gehen. Denn es gibt Spuren, und die führen zum nahegelegenen Schloss. Niemand ahnt, dass sich auch der Bischof von Nantes mit einer geheimen Untersuchung der Vorgänge einschaltet.</marc:subfield>
   </marc:datafield>
   <marc:datafield ind1=" " ind2=" " tag="020">
      <marc:subfield code="a">9783423249409</marc:subfield>
      <marc:subfield code="9">9783423249409</marc:subfield>
   </marc:datafield>
</marc:record>
